000 01290nam0a2200301 i 4500
001 RU\NLR\BIBL_A\010584340
005 20240921145116.0
010 _a9785906212559
_9500
021 _aRU
_b2014-85865
_95220
035 _a(NLR Aleph) 010584340
090 _a10475501
_c10475501
100 _a20150114d2014 u y0rusy50 ca
101 0 _arus
102 _aRU
105 _aac||j|||001yy
200 1 _aИстория хореографического искусства
_eметодическое пособие
_e[на второй год обучения по дисциплине "История хореографического искусства"]
_fМатушкина Е. А.
210 _aЧебоксары
_cЭкспертно-методический центр
_d2014
215 _a331 с.
_cил., портр.
_d20
320 _aБиблиогр.: с. 330-331
606 1 _aТанец
_jМетодические пособия
_xИстория
_92101968
_3RU\NLR\AUTH\661271150
675 _a793.3(100)(091)(072)
686 _a85.323(0)я721я723р
_vLBC/RL
_2rubbk
686 1 _aЩ323(0)я7
700 1 _aМатушкина
_bЕ. А.
_f1975-
_gЕкатерина Александровна
942 _cBOOK
980 _aNBR